Normal view
MARC view
- HOLOGRAPHY PROJECTS
Entry Topical Term
001 - CONTROL NUMBER
- control field: 68701
003 - CONTROL NUMBER IDENTIFIER
- control field: NUST
005 - DATE AND TIME OF LATEST TRANSACTION
- control field: 20210628204106.0
008 - FIXED-LENGTH DATA ELEMENTS
- fixed length control field: 210628|| aca||aabn | a|a d
040 ## - CATALOGING SOURCE
- Original cataloging agency: NUST
- Transcribing agency: NUST
150 ## - HEADING--TOPICAL TERM
- Topical term or geographic name entry element: HOLOGRAPHY PROJECTS
670 ## - SOURCE DATA FOUND
- Source citation: Work cat.: (NUST): Harper, Gavin, D.J 68700, Holography projects for the evil genius, 2010
